|
|
|
|
| LEADER |
00958cam a2200277 7i4500 |
| 001 |
0000024708 |
| 005 |
20081103090000.0 |
| 008 |
081031 eng |
| 020 |
|
|
|a 0256146063 (hbk.)
|
| 020 |
|
|
|a 9780256146066
|
| 040 |
|
|
|a DLC
|
| 050 |
0 |
0 |
|a TS183 COH 1997
|
| 090 |
0 |
0 |
|a TS183
|b .C66 1997
|
| 100 |
1 |
|
|a Cohen, Morris A
|
| 245 |
1 |
0 |
|a Manufacturing automation
|c Morris Cohen, Uday M. Apte.
|
| 250 |
|
|
|a 1st ed.
|
| 260 |
|
|
|a Chicago:
|b Irwin,
|c 1997.
|
| 300 |
|
|
|a xii, 270 p.:
|b ill.;
|c 25 cm.
|
| 440 |
|
4 |
|a The Irwin series in production operations management
|
| 504 |
|
|
|a Includes bibliographical references and index
|
| 650 |
0 |
0 |
|a Production management --
|x Data processing
|
| 650 |
0 |
0 |
|a Technological innovations
|
| 650 |
0 |
0 |
|a Manufacturing processes --
|x Automation
|
| 700 |
1 |
|
|a Apte, Uday M
|
| 999 |
|
|
|a 0000023427
|b BOK
|c OPEN SHELF
|e 1st Floor, Bestari Jaya
|
| 999 |
|
|
|a 0000023428
|b BOK
|c OPEN SHELF
|e 1st Floor, Bestari Jaya
|